| 000 | 00431cam a2200181ua 4500 | ||
|---|---|---|---|
| 020 | _c1.75 | ||
| 041 |
_amal _h |
||
| 082 |
_a894.81209 _bSAN/KA |
||
| 100 | _aSanoo, M K . | ||
| 245 |
_aKattum velichavum / _cM K Sanoo. _hTextual Documents |
||
| 250 |
_a1 / _b. |
||
| 260 |
_aSherthalay : _bPankaj printing works , _c1960. |
||
| 300 | _a132 ; . | ||
| 365 | _a1.75 | ||
| 504 | _a | ||
| 942 | _cBK | ||
| 999 |
_c12625 _d12625 |
||